[Event "Yingmei Cup CHN-chT 2017"]
[Site "?"]
[Date "2017.07.26"]
[Round "8"]
[White "Li, Chao b"]
[Black "Liu, Qingnan"]
[Result "1-0"]
[WhiteElo "2735"]
[BlackElo "2502"]
[Annotator "TA"]
[PlyCount "85"]
[EventDate "2017.??.??"]
[SourceTitle "Ningbo"]

1. e4 d6 2. d4 Nf6 3. Nc3 g6 4. f4 Bg7 5. Nf3 c5 6. dxc5 Qa5 $1 7. Qe2 {
And now cxd6 would win. B09: Pirc Defence: Austrian Attack} (7. Qd4 O-O 8. Bd2
Nc6 9. Qc4 Qd8 10. O-O-O Be6 11. Qa4 Ng4 12. Rg1 a6 13. h3 Nf2 14. Re1 dxc5 {
1-0 (40) Van Kampen,R (2603)-Rapport,R (2681) Reykjavik 2014}) 7... Qxc5 8. Be3
Qb4 (8... Qa5 $11) 9. Qb5+ (9. O-O-O $16 {Threatens to win with e5.} Be6 10.
Rd4) 9... Nc6 10. O-O-O $146 ({Predecessor:} 10. Qxb4 Nxb4 11. Bd3 O-O 12. h3
b6 13. O-O-O Bb7 14. a3 Nc6 15. Rhf1 {0-1 (45) Juhasz,M (2003)-Dobai,S (2199)
Hungary 2014}) 10... Ng4 (10... O-O $11 {keeps the balance.}) 11. Qxb4 $16 Nxb4
12. Bd4 Bxd4 13. Rxd4 (13. Nxd4 Nf2 $17) 13... Nc6 14. Rd2 $36 {White is in
control.} Be6 15. Nd5 {Strongly threatening Nc7+.} O-O-O 16. Bc4 h6 17. Re1 Nf6
18. h3 Nh5 (18... a6 $14) 19. f5 gxf5 20. exf5 Bxd5 21. Bxd5 Rhf8 {[#]} 22.
Bxc6 $1 bxc6 23. Rxe7 Rd7 24. Rxd7 Kxd7 $18 {Endgame [#] KRN-KRN} 25. Ne5+ $1
Kc7 26. Ng4 Re8 27. Nxh6 Ng3 28. Nxf7 d5 (28... Nxf5 {might work better.} 29.
g4 Re1+ 30. Rd1 Re7) 29. Rf2 Re1+ (29... Rf8 $142 30. Nh6 Ne4) 30. Kd2 {
White is clearly winning.} Re7 {...Ne4+ is the strong threat.} 31. Ng5 Re5 32.
f6 Rxg5 {KRN-KR} 33. f7 Ne4+ 34. Ke3 Nxf2 35. f8=Q {KQ-KRN} Ne4 36. Qe7+ Kb6
37. g4 Rg6 {[#]} 38. c4 $1 Rh6 (38... dxc4 39. Kxe4) 39. cxd5 cxd5 40. Kd4 Rxh3
41. Kxd5 Re3 42. Qxe4 Rxe4 43. Kxe4 {Precision: White = 77%, Black = 42%.} 1-0

[Event "Yingmei Cup CHN-chT 2017"]
[Site "?"]
[Date "2017.07.26"]
[Round "8"]
[White "Wei, Yi"]
[Black "Liu, Guanchu"]
[Result "1/2-1/2"]
[WhiteElo "2727"]
[BlackElo "2437"]
[Annotator "TA"]
[PlyCount "162"]
[EventDate "2017.??.??"]
[SourceTitle "Ningbo"]

1. b3 e5 2. Bb2 Nc6 3. e3 g6 4. f4 Bg7 5. Nf3 d6 6. fxe5 {A01:
Nimzowitsch-Larsen Opening} Nxe5 (6... Nge7 7. Nc3 Nxe5 8. Nxe5 Bxe5 9. Qf3 d5
10. O-O-O Be6 11. h3 Qd7 12. Ne2 Bxb2+ 13. Kxb2 {1/2-1/2 (58) Jobava,B (2676)
-Lalith,B (2573) Moscow 2016}) 7. Nxe5 Bxe5 (7... dxe5 8. Bc4 $14) 8. Bxe5 {
Black has an edge.} dxe5 9. Nc3 c6 $146 ({Predecessor:} 9... Be6 10. Qf3 c6 11.
O-O-O Qc7 12. Kb1 {1/2-1/2 (24) De Smet, K (2243)-Blake,M (1949) ICCF email
2012}) 10. Qf3 Qh4+ 11. g3 Qg4 12. Qf2 Qf5 13. Qg2 Nf6 14. Bd3 Qh3 ({Black
should play} 14... Qd7 $11) 15. Qf3 $1 $36 {White has good play.} Nh5 16. Ne4
O-O 17. Be2 Qf5 {[#]} 18. Qxf5 $1 Bxf5 19. Nd6 Bc8 20. Rf1 f5 21. Bxh5 gxh5 22.
O-O-O Rf6 23. Nc4 e4 24. Rf4 Kg7 25. Rdf1 Bd7 26. Nb2 Rh6 27. Na4 Re8 28. Nc3
c5 29. Ne2 Rg6 {[#]} (29... Ra6 $14) 30. R4f2 (30. Rh4 $1 $16) 30... Kh6 31.
Nf4 Rd6 32. Ne2 ({Better is} 32. a4 $14) 32... Rg8 (32... Rg6 $11) 33. Rd1 Re8
34. Nf4 b6 35. Kb2 Rg8 36. d4 exd3 37. Rxd3 Rxd3 38. cxd3 {Endgame KRB-KRN} Re8
39. Re2 Kg5 40. Kc3 Bc6 41. Re1 h4 42. gxh4+ Kxh4 43. Kd2 Rg8 44. Rc1 a5 45. d4
Rd8 46. Ke1 Be4 47. dxc5 Rc8 48. Kf2 bxc5 49. Ne6 Rg8 50. Rg1 ({Reject} 50.
Rxc5 Rg2+ 51. Ke1 Rxa2 $17) 50... Rxg1 51. Kxg1 $11 {KB-KN} Kg4 52. Kf2 $1 ({
Much weaker is} 52. Nxc5 Kf3 $17) 52... Bb1 53. a3 c4 54. bxc4 {And now c5
would win.} Ba2 55. Nf8 (55. h3+ $5 Kh4 56. Nd4 Bxc4 57. Nxf5+ Kg5 58. Nd6 $16)
55... Bxc4 56. Nxh7 Kh3 57. Kg1 Kg4 58. Kf2 Kh3 59. Kg1 Kg4 60. Kg2 f4 61. h3+
(61. Nf6+ {keeps more tension.} Kf5 62. Ne8 Ke5 63. Kf2 Bb3 64. Nc7) 61... Kf5
62. exf4 Kxf4 63. Nf6 Ke5 64. Ng4+ Kd4 65. h4 {Threatens to win with h5.} Bf7
66. Kf3 {Kf4 is the strong threat.} (66. Nh6 $5 Bh5 67. Ng8 $11) 66... Kc3 67.
Ne5 Bh5+ 68. Kf4 Kb3 69. Kg5 Bd1 70. Ng4 {aiming for h5.} (70. a4 $5) 70...
Kxa3 71. h5 a4 (71... Kb3 $5 72. h6 $8 Bc2 $11) 72. h6 Bc2 73. Ne5 $1 {Black
must now prevent Ng6.} Bh7 74. Kf6 {Hoping for Kg7.} Kb3 (74... Kb4 $5 75. Kg7
a3 76. Kxh7 a2 $15) 75. Kg7 $1 {The position is equal.} a3 (75... Be4 $5 76.
Ng6 (76. h7 $2 Bxh7 77. Kh8 a3 $19) 76... a3 $11) 76. Kxh7 {Strongly
threatening Nd3. KN-KP} a2 77. Kg7 a1=Q 78. h7 Qxe5+ 79. Kg8 Kc4 80. h8=Q Qxh8+
81. Kxh8 Kd4 {Precision: White = 55%, Black = 66%.} 1/2-1/2

[Event "Yingmei Cup CHN-chT 2017"]
[Site "?"]
[Date "2017.07.26"]
[Round "8"]
[White "Ni, Hua"]
[Black "Lan, Zilun"]
[Result "1-0"]
[WhiteElo "2674"]
[BlackElo "2357"]
[Annotator "TA"]
[PlyCount "54"]
[EventDate "2017.??.??"]
[SourceTitle "Ningbo"]

1. e4 c6 2. d4 d5 3. e5 Bf5 4. Nf3 e6 5. Be2 c5 6. Be3 Nc6 7. dxc5 {LiveBook:
17 Games. B12: Caro-Kann: Advance Variation} Nge7 (7... Qc7 8. c3 Nge7 9. Na3
a6 10. Qa4 Ra7 11. O-O Be4 12. Nd2 Bg6 13. f4 Nf5 14. Bf2 h5 {1-0 (33) Akopian,
V (2667)-Petrisor,A (2432) Albena 2014}) 8. c3 Ng6 9. Qa4 {White is better.}
Be7 $146 {[#]} ({Predecessor:} 9... Be4 10. Nbd2 Bxf3 11. Nxf3 Be7 12. Nd4
Ngxe5 13. f4 Nd7 14. Nxc6 bxc6 15. Qxc6 {1-0 (28) Sanchez Huerga,A-Valencia
Ciordia,J (1666) ICCF email 2013}) 10. Nbd2 $1 h5 11. O-O Kf8 {[#]} 12. b4 (12.
Nd4 $1 $16) 12... Ncxe5 13. h3 Nxf3+ ({Black should try} 13... Nd3 $11) 14.
Nxf3 $14 Be4 15. Rad1 Qc7 16. Nd2 Nf4 17. Bxf4 $1 Qxf4 18. Nxe4 dxe4 19. Rd7
Rh6 $2 (19... h4 $16 {was necessary.}) 20. Rxb7 $18 Bf6 {intending ...Rg6.} 21.
Qd7 Be5 22. g3 Qf6 23. f4 Bxc3 24. c6 Rh8 25. c7 {White is clearly winning.}
Qd4+ 26. Qxd4 Bxd4+ 27. Kg2 g6 {Precision: White = 83%, Black = 23%.} 1-0

[Event "Yingmei Cup CHN-chT 2017"]
[Site "?"]
[Date "2017.07.26"]
[Round "8"]
[White "Ma, Qun"]
[Black "Li, Yankai"]
[Result "1-0"]
[WhiteElo "2637"]
[BlackElo "2392"]
[Annotator "TA"]
[PlyCount "73"]
[EventDate "2017.??.??"]
[SourceTitle "Ningbo"]

1. e4 e5 2. Nf3 Nc6 3. Bb5 a6 4. Ba4 Nf6 5. O-O Be7 6. Re1 b5 7. Bb3 d6 8. c3
O-O 9. d4 Bg4 10. d5 Na5 11. Bc2 c6 12. dxc6 Nxc6 13. Nbd2 Qc7 14. h3 {[%emt 0:
00:09] C1: Closed Ruy Lopez: 7.. .d6 8 c3 0-0 9 d4} Bd7 15. Nf1 Rfc8 16. Bg5 {
The position is equal.} h6 $146 ({Predecessor:} 16... Be6 17. Ne3 Na5 18. Nd5
Bxd5 19. exd5 Nc4 20. Rb1 Rab8 21. Bxf6 Bxf6 22. Nd2 {1/2-1/2 (22) Nilsson,
Z-Kinnmark,O Falkoeping 1965}) 17. Bxf6 Bxf6 18. Ne3 Ne7 19. Bb3 a5 20. a3 Qc5
21. Ng4 Bxg4 22. hxg4 Rab8 {[#]} (22... Qc7 $14) 23. Qd2 (23. g5 $1 $16 hxg5 {
[#]} (23... Bxg5 24. Nxg5) 24. Nxg5 $1 Bxg5 25. Qh5) 23... a4 $14 24. Ba2 Rc7
25. Rad1 Rd8 26. Re3 Qc6 27. Qe2 g6 28. Red3 Bg7 (28... Kg7 $142) 29. Ne1 $16
Nc8 30. Nc2 Nb6 31. Nb4 Qb7 32. Rxd6 Rxd6 33. Rxd6 Nc4 34. Bxc4 Rxc4 35. Nd5
Kh7 36. Qf3 Rc8 {[#]} 37. g5 $1 {Precision: White = 83%, Black = 37%.} 1-0

[Event "Yingmei Cup CHN-chT 2017"]
[Site "?"]
[Date "2017.07.26"]
[Round "8"]
[White "Zhou, Jianchao"]
[Black "Lu, Shanglei"]
[Result "1/2-1/2"]
[WhiteElo "2613"]
[BlackElo "2620"]
[Annotator "TA"]
[PlyCount "60"]
[EventDate "2017.??.??"]
[SourceTitle "Ningbo"]

1. d4 Nf6 2. c4 e6 3. Nc3 d5 4. cxd5 Nxd5 5. e4 Nxc3 6. bxc3 c5 7. Rb1 cxd4 {
D35: Queen's Gambit Declined: Exchange Variation} (7... Be7 8. Nf3 O-O 9. Bc4
Nc6 10. O-O b6 11. d5 Na5 12. Bd3 c4 13. Bc2 exd5 14. exd5 Bb7 15. Re1 {
1-0 (31) Svidler,P (2749)-Hou,Y (2666) Geneve 2017}) 8. cxd4 Nc6 9. Bb5 a6 10.
Bxc6+ bxc6 11. Nf3 c5 12. O-O {LiveBook: 4 Games} cxd4 13. Nxd4 $146 ({Better
is} 13. Bb2 $16) ({Predecessor:} 13. Bb2 Bc5 14. Qc1 Ba7 15. Bxd4 {1/2-1/2 (23)
Pap,G (2551)-Almasi,I (2409) Hungary 2016}) 13... Bc5 $11 14. Be3 {aiming for
Nc6.} Bxd4 15. Qxd4 {The position is equal.} Qxd4 16. Bxd4 O-O 17. Rfd1 Rd8 18.
f3 h5 19. h4 Rd7 20. Bc3 Rxd1+ 21. Rxd1 {Endgame KRB-KRB} Bb7 22. Rd7 Rc8 23.
Ba5 (23. Bd2 $5 Rc2 24. Bf4 $11) 23... Bc6 24. Rd8+ Rxd8 25. Bxd8 {KB-KB} f5
26. exf5 exf5 27. Kf2 Kf7 28. Ke3 g6 29. Kd4 Ke6 30. Kc5 Bb5 {Precision: White
= 28%, Black = 74%.} 1/2-1/2

[Event "Yingmei Cup CHN-chT 2017"]
[Site "?"]
[Date "2017.07.26"]
[Round "8"]
[White "Zhou, Weiqi"]
[Black "Le, Quang Liem"]
[Result "1/2-1/2"]
[WhiteElo "2606"]
[BlackElo "2726"]
[Annotator "TA"]
[PlyCount "125"]
[EventDate "2017.??.??"]
[SourceTitle "Ningbo"]

1. d4 f5 2. g3 Nf6 3. Bg2 g6 4. c4 Bg7 5. Nc3 O-O 6. Nf3 d6 7. O-O Qe8 8. d5 a5
9. Nd4 Na6 10. b3 Bd7 11. Rb1 Nc5 {[%emt 0:00:05] LiveBook: 0 Games. A87:
Dutch Defence: Leningrad System: 5 Nf3} 12. Ba3 (12. Bb2 g5 13. Ncb5 Rc8 14.
Qd2 Qh5 15. Qxa5 f4 {1-0 (57) Ly,M (2480)-Nijboer,F (2545) Amsterdam 2016})
12... Nfe4 13. Nxe4 Nxe4 14. Qd3 c5 15. Ne6 $146 ({Predecessor:} 15. dxc6 bxc6
16. f3 {0-1 (54) Hansson,H (1987)-Bomans,A (2298) Hofheim 2015}) 15... Bxe6 $1
16. dxe6 Qc8 17. Bxe4 fxe4 18. Qxe4 Rb8 19. Bb2 Bxb2 20. Rxb2 Rf6 21. a4 (21.
Qd3 {seems wilder.} Qxe6 22. f4 a4 23. e4 axb3 24. axb3 Rbf8 25. Re2) 21...
Qxe6 22. Qxe6+ Rxe6 $14 {Endgame KRR-KRR} 23. Rd1 Kf7 24. Rd5 Ke8 25. Rbd2 b6
26. f3 Re3 27. R5d3 Rxd3 28. Rxd3 {KR-KR} Rd8 29. Kf2 e6 30. e4 Ke7 31. Ke3 g5
32. Rd1 Rg8 33. Rh1 (33. e5 $5 dxe5 34. Ke4 $11) 33... d5 34. exd5 exd5 35.
cxd5 Kd6 36. h4 {aiming for hxg5.} g4 37. f4 Re8+ 38. Kd2 Re4 39. Re1 Rb4 40.
Kc3 c4 (40... Kxd5 $14 41. Re5+ Kc6) 41. bxc4 $16 {Black must now prevent Re6+.
} Kc5 {[#]} 42. Re4 ({White should try} 42. Kd3 $1 $16) 42... Rxa4 $14 43. Rd4
Ra3+ 44. Kb2 Re3 $1 ({Wrong is} 44... Rxg3 $2 45. d6 $18) 45. d6 Re8 (45...
Kxd4 $2 {too greedy.} 46. d7 $18) 46. d7 Rd8 47. Kc3 Kc6 48. f5 h5 $1 49. f6
Rxd7 50. Rf4 {[#] f7 is the strong threat.} Rf7 51. Rf5 Kd6 52. Kb3 Ke6 $1 53.
Rb5 Kxf6 54. Ka4 Ke7 {Black wants to play ...Rf3.} (54... Rc7 $5 55. Rxb6+ Ke5
$11) 55. Rxb6 {The position is equal.} Rf3 56. Rh6 Rxg3 57. Rxh5 Rg1 {Strongly
threatening ...g3.} 58. Rg5 g3 59. Ka3 g2 {Hoping for .. .Ra1+.} 60. Ka2 Rc1
61. Rxg2 Rxc4 62. Rg5 Rxh4 63. Rxa5 {Precision: White = 66%, Black = 61%.}
1/2-1/2

[Event "Yingmei Cup CHN-chT 2017"]
[Site "?"]
[Date "2017.07.26"]
[Round "8"]
[White "Bai, Jinshi"]
[Black "Wang, Yue"]
[Result "1/2-1/2"]
[WhiteElo "2585"]
[BlackElo "2706"]
[Annotator "TA"]
[PlyCount "43"]
[EventDate "2017.??.??"]
[SourceTitle "Ningbo"]

1. d4 e6 2. c4 f5 3. g3 Nf6 4. Bg2 c6 5. Nf3 d5 6. O-O Bd6 7. b3 Qe7 8. Ne5 O-O
9. Bb2 Bd7 10. Qc1 Be8 {A90: Dutch Defence: Miscellaneous and Modern Stonewall
(with ...Bd6)} 11. Ba3 Nbd7 12. Nd3 {LiveBook: 5 Games} Bf7 13. Bxd6 Qxd6 14.
Qa3 Qxa3 15. Nxa3 Rfe8 16. f4 {[#]} Kf8 $146 ({Predecessor:} 16... a5 17. Rfc1
Kf8 18. Nb1 {1-0 (47) Timman,J (2590)-Short,N (2615) Brussels 1987}) 17. Rfc1
Ke7 18. b4 a6 {The position is equal.} 19. Nc5 Ra7 20. Nd3 Raa8 21. Nc5 Ra7 22.
Nd3 {Precision: White = 44%, Black = 35%.} 1/2-1/2

[Event "Yingmei Cup CHN-chT 2017"]
[Site "?"]
[Date "2017.07.26"]
[Round "8"]
[White "Gao, Rui"]
[Black "Malakhov, Vladimir"]
[Result "1/2-1/2"]
[WhiteElo "2543"]
[BlackElo "2714"]
[Annotator "TA"]
[PlyCount "93"]
[EventDate "2017.??.??"]
[SourceTitle "Ningbo"]

1. d4 d5 2. c4 c6 3. Nf3 Nf6 4. Nc3 a6 5. e3 Bf5 6. Ne5 {D15: Slav Defence: 4
Nc3 a6 and gambit lines after 4 Nc3 dxc4} Nbd7 7. Qb3 Qc7 8. cxd5 {White is
slightly better.} Nxe5 9. dxe5 Nxd5 10. Nxd5 cxd5 11. Bd2 e6 12. Rc1 Qd7 13.
Be2 {Qb6 is the strong threat.} Be7 {[#]} 14. Ba5 $146 Bd8 15. Bb4 $36 {
White is pushing.} f6 16. g4 Be4 17. f3 Bg6 18. exf6 Bxf6 19. h4 $1 h5 {
Threatening ...hxg4.} 20. g5 Bd8 21. Kf2 Kf7 22. a4 Re8 23. Bd3 (23. f4 $14)
23... Bxd3 $11 24. Qxd3 {[#] Threatens to win with Qh7.} Kg8 (24... Qxa4 $15
25. Bc5 g6) 25. b3 a5 26. Bc3 Bb6 27. Be5 Rac8 28. Qg6 Qf7 $1 {The position is
equal.} 29. Qxf7+ Kxf7 30. g6+ Kxg6 31. Rhg1+ Kh6 32. Bxg7+ Kh7 {[#] And now ..
.Rxc1 would win.} 33. Bf6 Rxc1 34. Rxc1 {Endgame KRB-KRB} e5 35. Ke2 Kg6 36.
Bg5 Kf5 37. Rd1 Ke6 38. e4 Bd4 39. Rc1 dxe4 40. fxe4 Rf8 41. Rf1 Rxf1 42. Kxf1
{KB-KB} Kd6 43. Ke2 Kc6 44. Kd3 b6 45. Kc4 Bf2 46. Bf6 Bd4 47. Be7 {Precision:
White = 63%, Black = 83%.} 1/2-1/2

[Event "Yingmei Cup CHN-chT 2017"]
[Site "?"]
[Date "2017.07.26"]
[Round "8"]
[White "Zeng, Chongsheng"]
[Black "Fang, Yuxiang"]
[Result "1-0"]
[WhiteElo "2536"]
[BlackElo "2498"]
[Annotator "TA"]
[PlyCount "104"]
[EventDate "2017.??.??"]
[SourceTitle "Ningbo"]

1. e4 e5 2. Nf3 Nc6 3. Bc4 Nf6 4. Ng5 d5 5. exd5 Na5 6. Bb5+ c6 7. dxc6 bxc6 8.
Be2 h6 9. Nf3 e4 10. Ne5 Bd6 11. d4 exd3 12. Nxd3 O-O 13. O-O Qc7 14. h3 c5 15.
b3 {[%emt 0:00:07] C59: Two Knights: 4 Ng5 d5 5 exd5 Na5 5 Bb5+ c6 6 dxc6 bxc6
Be2} c4 16. bxc4 Nxc4 17. Nd2 {LiveBook: 3 Games. The position is equal.} Be6 (
17... Nxd2 18. Bxd2 Bf5 19. Ne1 Ne4 20. Bd3 Rac8 21. Nf3 Bc5 22. Be3 Rfd8 23.
Qc1 Nc3 24. Qd2 Ne4 25. Qc1 Nc3 26. Qd2 Ne4 27. Qc1 Nc3 {1/2-1/2 (27) Liu,Q 
(2523)-Yu,Y (2723) Xinghua 2015}) 18. Nxc4 Bxc4 19. Bb2 Rac8 $146 (19... Ne4
$11 {keeps the balance.}) ({Predecessor:} 19... Ne4 20. Bf3 f5 21. a4 Rad8 22.
Ba3 Bh2+ {0-1 (47) Spirin,A (2330)-Begliy,M (2341) ICCF email 2009}) 20. Bxf6
$1 $16 gxf6 21. Bg4 Rcd8 22. Bf5 Rfe8 23. Qg4+ Kh8 24. Rfe1 Bd5 25. Rxe8+ Rxe8
26. Qd4 Qd8 ({Black should play} 26... Be5 27. Qh4 (27. Qxd5 Bxa1 28. g3 Rd8
$15) 27... Kg7 28. Qg4+ Kh8) 27. Qxa7 (27. Qxd5 $2 Bh2+ 28. Kxh2 Qxd5 $19)
27... Re2 (27... Rg8 $16 {was worth a try.} 28. Bg4 f5 29. Qd4+ Rg7) 28. Re1 (
28. a4 $18) 28... Rxe1+ 29. Nxe1 Qe7 30. Qxe7 Bxe7 {Endgame KBB-KBN} 31. Bd7
Bxa2 32. Ba4 Bc4 33. Bb3 Be2 34. Bxf7 Bb4 35. Nd3 Bxd3 36. cxd3 {KB-KB} Kg7 37.
Be6 Bc5 (37... Kf8 $16 38. Bb3 Ke7) 38. Bf5 $1 $18 Kf7 39. Kf1 Ke7 40. Ke2 Kd6
41. f4 $1 Bg1 42. Kf3 Kd5 43. Kg4 Be3 44. Be4+ Ke6 45. Bh7 Kd5 46. Kf5 Kd4 (
46... Kd6 $16 {was called for.} 47. g3 (47. Kxf6 Bxf4 48. Kf5 Bg3 $16) 47...
Ke7) 47. g4 {h4 is the strong threat.} ({Don't take} 47. Kxf6 $6 Bxf4 48. Kf5
Bd2 $16) 47... Kd5 $2 {[#]} (47... Bc1 $16 48. Bg6 (48. Kxf6 Bxf4 49. Be4 Bg5+
50. Kf5 Be7 $16) 48... Bd2) 48. h4 $1 Kd6 49. Kxf6 Bxf4 {[#]} 50. g5 $1 {
White mates.} hxg5 51. hxg5 Be5+ 52. Kf7 Kd5 {Precision: White = 74%, Black =
36%.} 1-0

[Event "Yingmei Cup CHN-chT 2017"]
[Site "?"]
[Date "2017.07.26"]
[Round "8"]
[White "Lagno, Kateryna"]
[Black "Guo, Qi"]
[Result "1-0"]
[WhiteElo "2535"]
[BlackElo "2413"]
[Annotator "TA"]
[PlyCount "109"]
[EventDate "2017.??.??"]
[SourceTitle "Ningbo"]

1. e4 c6 2. Nc3 d5 3. Nf3 Bg4 4. h3 Bxf3 5. Qxf3 Nf6 6. Be2 e6 {B11: Caro-Kann:
Two Knights Variation} 7. O-O dxe4 (7... d4 $5) (7... Be7 8. Rd1 b5 9. e5 Nfd7
10. d4 a6 11. Nb1 c5 12. c3 Nc6 13. Qg4 g6 14. Bh6 {1-0 (36) Vachier Lagrave,M
(2796)-Topalov,V (2749) Paris 2017}) 8. Nxe4 Nxe4 {White is slightly better.}
9. Qxe4 Qd5 10. Bf3 (10. Qe3 {is more complex.} Bc5 11. Qb3 Bb6 12. Rd1 Qe5 13.
Bf3) 10... Qxe4 11. Bxe4 Nd7 12. d4 Nf6 13. Bf3 Bd6 $146 ({Predecessor:} 13...
g6 14. c4 {0-1 (52) Rodriguez Lopez,R (2257) -Martinez Rodriguez,P (2270)
Sanxenxo 2015}) 14. c3 O-O 15. g3 a5 16. Bd2 Rfd8 17. Rad1 Rd7 18. Kg2 h6 19.
h4 Bc7 20. Rfe1 Rad8 21. Bc1 Bb8 22. Kh3 e5 23. dxe5 Rxd1 24. Bxd1 Bxe5 $1 25.
Bb3 Bd6 26. Be3 Nd7 27. Rd1 Bc7 28. Bd4 Nb6 29. Re1 {[#] Strongly threatening
Re7.} Nc8 30. Bc5 Bd6 31. Bd4 Bc7 32. Kg2 Kf8 33. Bc5+ Bd6 34. Rd1 $36 {
White has good play.} Ke8 35. Bd4 Kf8 36. a4 Be7 37. h5 Kg8 38. Kf3 Bf6 $2 {[#]
} (38... Bd6 $16) 39. Bxf6 $18 Rxd1 40. Bxd1 gxf6 {Endgame KB-KN} 41. Ke4 Kf8
42. Kd4 b6 (42... Ke7 $142 43. b4 axb4) 43. Bf3 Na7 44. b4 {White is clearly
winning.} axb4 45. cxb4 Ke7 46. a5 bxa5 47. bxa5 Kd6 48. a6 f5 49. Be2 Nc8 50.
Bd3 Nb6 51. Bxf5 c5+ 52. Kd3 Kc7 53. Ke4 Na4 54. Ke5 Nc3 55. g4 {Precision:
White = 59%, Black = 47%.} 1-0

[Event "Yingmei Cup CHN-chT 2017"]
[Site "?"]
[Date "2017.07.26"]
[Round "8"]
[White "Yu, Ruiyuan"]
[Black "Moiseenko, Alexander"]
[Result "0-1"]
[WhiteElo "2526"]
[BlackElo "2671"]
[Annotator "TA"]
[PlyCount "116"]
[EventDate "2017.??.??"]
[SourceTitle "Ningbo"]

1. e4 c5 2. Nf3 Nc6 3. d4 cxd4 4. Nxd4 e5 5. Nb5 d6 6. N1c3 a6 7. Na3 Be7 8.
Nc4 b5 {B32: Sicilian: Löwenthal and Kalashnikov Variations} 9. Ne3 Nf6 10.
Bd3 O-O 11. a4 {LiveBook: 5 Games} Be6 $146 ({Predecessor:} 11... b4 12. Ncd5
Nxd5 13. Nxd5 Bg5 14. O-O Bxc1 15. Rxc1 Be6 16. Bc4 {1-0 (51) Adhiban,B (2674)
-Piorun,K (2609) Berlin 2015}) 12. axb5 axb5 13. Rxa8 Qxa8 14. Bxb5 Nb4 15. Bd3
d5 16. exd5 Nfxd5 17. Ncxd5 Nxd5 18. Qf3 Nxe3 19. Qxa8 Nxc2+ 20. Kd2 Rxa8 21.
Kxc2 f5 22. f3 Rc8+ 23. Kb1 Bb4 24. Rd1 Kf7 25. Bc2 (25. Bd2 $5 Rb8 26. Bxb4
Rxb4 27. Kc2 $15) 25... Kf6 26. Bd2 Rb8 27. Bd3 g6 28. Kc2 {[#]} (28. Kc1 $15)
28... Ba3 $1 $17 {aiming for ...Bb3+.} 29. Bc3 (29. Ra1 $17 Rxb2+ 30. Kd1) (29.
bxa3 Bb3+) 29... Bb3+ $19 30. Kd2 Bxd1 31. bxa3 {Endgame KRB-KB} Bb3 32. f4 Ke6
33. Bxe5 Rc8 34. g3 Kd5 35. Ke3 Rc1 36. Be2 Ke6 37. Bd4 Bd5 38. Kd2 Rh1 39. h4
Rh3 40. Bf2 Rh2 41. Ke3 Rh1 $1 42. Kd2 Ra1 43. Bc5 {[#]} h5 $1 44. Bb5 Ra2+ 45.
Ke1 Bb3 {White must now prevent ...Kd5.} 46. Be8 Kd5 47. Bb4 {Strongly
threatening Bf7+.} Ke4 48. Bxg6 Kf3 49. Bxh5+ Kxg3 50. Bg6 $2 (50. Be2 $17 {
was called for.}) 50... Kf3 51. Bh5+ Kxf4 52. Be2 Ke4 53. h5 f4 {...f3 is the
strong threat.} 54. h6 $2 (54. Bc5) 54... f3 55. Bb5 Rc2 {( -> ...Ke3)} 56. Be7
f2+ 57. Kf1 {[#]} Kf3 $1 58. Bg5 Be6 {Precision: White = 44%, Black = 89%.} 0-1

[Event "Yingmei Cup CHN-chT 2017"]
[Site "?"]
[Date "2017.07.26"]
[Round "8"]
[White "Stefanova, Antoaneta"]
[Black "Gu, Tianlu"]
[Result "1-0"]
[WhiteElo "2510"]
[BlackElo "2212"]
[Annotator "TA"]
[PlyCount "131"]
[EventDate "2017.??.??"]
[SourceTitle "Ningbo"]

1. d4 d5 2. c4 c6 3. Nf3 Nf6 4. e3 g6 5. Nc3 Bg7 6. Be2 O-O 7. O-O Bg4 8. h3
Bxf3 9. Bxf3 e6 10. b3 {[%emt 0:00:05] D94: Grünfeld: 4 Nf3 Bg7 e3} Re8 11.
Bb2 Nbd7 {LiveBook: 24 Games} 12. Rc1 {White is slightly better.} a5 13. g3
$146 ({Find the theoretical novelty and annotate with similar games:} 13. Ba3
h5 14. Bd6 e5 15. cxd5 e4 {1-0 (37) Iturrizaga Bonelli,E (2611)-Justiniano
Marquez,M (2082) Jaen 2011}) 13... Qe7 14. Qc2 Rac8 15. Qb1 e5 16. cxd5 e4 $1
17. Bg2 {And now dxc6 would win.} (17. d6 $5 Qe6 18. Bg2 $16) 17... cxd5 18.
Nb5 {Strongly threatening Ba3.} Nb8 19. Na7 Rxc1 20. Rxc1 Qd7 {[#] ...b6 is
the strong threat.} 21. Qc2 Bf8 22. Qc7 $36 {White has good play.} Qxc7 23.
Rxc7 Re7 $1 24. Rc1 Re6 25. Bf1 Kg7 26. Bb5 Na6 27. a3 Ne8 28. Rc8 Nec7 29.
Bxa6 (29. Ba4 $14) 29... Nxa6 30. a4 Bb4 31. Kf1 Re7 32. Nb5 Re6 33. Ke2 Rc6
34. Rxc6 bxc6 $11 {Endgame KBN-KBN} 35. Na3 Kf8 36. Nc2 Ke7 37. Bc1 Kd6 38. Bd2
c5 39. dxc5+ Kxc5 40. g4 Bxd2 41. Kxd2 {KN-KN} h6 42. Kc3 h5 43. gxh5 gxh5 44.
h4 Nc7 45. Nd4 Ne6 46. Nf5 f6 47. Ng3 Ng7 48. Kc2 Kb4 49. Kb2 Kc5 50. Kc3 f5
51. b4+ axb4+ 52. Kb3 Ne6 ({Much worse is} 52... f4 $6 53. exf4 Ne6 54. f5 $16)
(52... d4 $1 $14 53. exd4+ Kxd4) 53. Nxf5 $18 Nd8 $2 {[#]} (53... Nf8 {was
worth a try.}) 54. Nd4 Nb7 {intending ...Na5+.} 55. Ne6+ Kd6 56. Nf4 Kc5 57.
Nxh5 Na5+ 58. Kb2 Nc4+ 59. Kc2 Ne5 (59... b3+ $142 60. Kxb3 Nd2+ 61. Kc3 Nf3)
60. Nf6 Kc4 61. h5 b3+ 62. Kb1 d4 63. exd4 Kxd4 64. h6 Kc3 65. a5 Nc4 66. Nxe4+
{Precision: White = 69%, Black = 48%.} 1-0

[Event "Yingmei Cup CHN-chT 2017"]
[Site "?"]
[Date "2017.07.26"]
[Round "8"]
[White "Wang, Chen"]
[Black "Wang, Tongsen"]
[Result "1/2-1/2"]
[WhiteElo "2505"]
[BlackElo "2385"]
[Annotator "TA"]
[PlyCount "79"]
[EventDate "2017.??.??"]
[SourceTitle "Ningbo"]

1. e4 c5 2. Nf3 d6 3. Bb5+ Nd7 4. O-O Ngf6 5. Re1 a6 6. Bxd7+ Bxd7 7. e5 {
B51: Sicilian: Moscow Variation (3 Bb5+) without 3...Bd7} dxe5 8. Nxe5 e6 9. d3
Be7 10. Qf3 Bc8 (10... Qc7 {seems wilder.} 11. Bf4 Nd5 12. Bg3 O-O 13. a4 Nb4)
11. Nc3 O-O 12. Nc4 $146 ({Find the theoretical novelty and annotate with
similar games:} 12. Bg5 Qc7 13. Rad1 Rb8 14. Nc4 b5 {1-0 (39) Rozentalis,E 
(2570)-Kulaots,K (2491) Stockholm 2000}) 12... Ra7 13. a4 b6 14. Qg3 Kh8 15. b3
Nd5 16. Nxd5 (16. Bb2 {is more complex.} Bh4 17. Qd6 Rd7 18. Qb8 Rb7 19. Qd6)
16... exd5 17. Ne5 {And now Nc6 would win.} Bh4 18. Qf4 {[#] Nc6 is the strong
threat.} Rc7 19. d4 Be6 20. Re2 Be7 21. Qg3 Bf5 22. Qf4 Qc8 23. Ba3 f6 24. Nd3
Bxd3 25. cxd3 Qd7 26. dxc5 (26. Rae1 $5 Bd6 27. Qf3 $11) 26... bxc5 27. Rc1 Bd6
28. Qf3 Rb8 29. g3 Bf8 30. Rec2 Rxb3 31. Bxc5 Bxc5 (31... Qxa4 $11 32. Qxd5 Rb8
) 32. Rxc5 $16 Rxc5 33. Rxc5 $11 {Endgame KQR-KQR} Rb8 34. Qxd5 Qxa4 35. Kg2 ({
White should play} 35. Ra5 $1 $14 Qb3 36. Qxb3 Rxb3 37. Rxa6) 35... Qe8 36. Rc7
h6 {The position is equal.} 37. Qf3 Qe5 38. Ra7 a5 39. h4 Rd8 (39... Qc5 $5 40.
Qe3 Qxe3 41. fxe3 Rb3 $11) 40. Qe4 {Precision: White = 48%, Black = 48%.} (40.
Qg4 $5 Qd5+ 41. Kh2 $14) 1/2-1/2